Romanian Verbs - Statistics

General Stats
  • This quiz has been taken 82 times
    25 since last reset
  • The average score is 102 of 500
Answer Stats
Română English % Correct
A dansa Dance
100%
A diviza/A dezbină Divide
100%
A încheia (also end, conclude)/A finisa Finish
100%
A merge Go
100%
A urca (also climb) Go up
100%
A nota Note
100%
A reproduce Reproduce
100%
A vorbi (also talk) Speak
100%
A încerca (also attempt)/A proba (also try on, test) Try
100%
A vizita Visit
100%
A asuma Assume
67%
A captura Capture
67%
A colapsa/A se prăbuși Collapse
67%
A considera Consider
67%
A controla Control
67%
A dori (also wish) Desire
67%
A urma (also pursue) Follow
67%
A uita Forget
67%
A dăuna (also damage) Harm
67%
A lovi (also strike) Hit
67%
A ignora Ignore
67%
A imita Imitate
67%
A interacționa Interact
67%
A minți Lie
67%
A limita Limit
67%
A manipula Manipulate
67%
A participa Participate
67%
A provoca Provoke
67%
A regreta Regret
67%
A răspunde (also answer, reply) Respond
67%
A alerga Run
67%
A sponsoriza Sponsor
67%
A suferi Suffer
67%
A plimba/A se plimba Walk
67%
A absorbi Absorb
33%
A accepta Accept
33%
A accesa Access
33%
A acuza Accuse
33%
A acționa Act
33%
A activa Activate
33%
A adăuga Add
33%
A adresa Address
33%
A admira Admire
33%
A admite Admit
33%
A adopta/A înfia (children) Adopt
33%
A adora Adore
33%
A afecta Affect
33%
A afirma Affirm
33%
A agita Agitate
33%
A conveni/A fi de acord Agree
33%
A permite (also permit) Allow
33%
A amuza Amuse
33%
A apela (also call)/A face apel Appeal
33%
A apărea Appear
33%
A aplauda Applaud
33%
A aprecia Appreciate
33%
A ataca Attack
33%
A fi Be
33%
A crede Believe
33%
A beneficia Benefit
33%
A bloca Block
33%
A respira Breathe
33%
A construi (also construct) Build
33%
A arde Burn
33%
A cumpăra Buy
33%
A campa Camp
33%
A prinde Catch
33%
A celebra/A sărbători Celebrate
33%
A schimba Change
33%
A se uita să vadă dacă (also look to see)/A verifica dacă Check
33%
A face clic/Scoate un clic (noise) Click
33%
A colecta/A colecționa Collect
33%
A veni Come
33%
A comenta Comment
33%
A comite Commit
33%
A comunica Communicate
33%
A concentra Concentrate
33%
A confesa/A mărturisi Confess
33%
A conecta Connect
33%
A continua Continue
33%
A contracta Contract
33%
A converti Convert
33%
A convinge Convince
33%
A găti Cook
33%
A copia Copy
33%
A crea Create
33%
A croaziera Cruise
33%
A zdrobi Crush
33%
A plânge Cry
33%
A tăia Cut
33%
A data/A ieși cu cineva Date
33%
A dezactiva (also disable) Deactivate
33%
A decide/A hotărî Decide
33%
A degrada Degrade
33%
A detalia Detail
33%
A muri Die
33%
A dirija Direct
33%
A nu fi de acord Disagree
33%
A dispărea Disappear
33%
A disciplina Discipline
33%
A descuraja Discourage
33%
A lipsi de respect/A nu respecta Disrespect
33%
A dona Donate
33%
A desena Draw
33%
A bea Drink
33%
A șofa Drive
33%
A mânca Eat
33%
A edita Edit
33%
A efectua (also carry out, perform) Effect
33%
A încuraja Encourage
33%
A sfârși (also finish, end up, come to an end) End
33%
A îndura Endure
33%
A se bucura Enjoy
33%
A scăpa Escape
33%
A exagera Exaggerate
33%
A exclude Exclude
33%
A exista Exist
33%
A explica Explain
33%
A explora Explore
33%
A cădea Fall
33%
A fixa (also secure, set, fasten) Fix
33%
A curge Flow
33%
A forța/A sili Force
33%
A forma Form
33%
A da Give
33%
A coborî (also lower, descend) Go down
33%
A ieși (also get out) Go out
33%
A crește (also raise) Grow
33%
A garanta Guarantee
33%
A ghida/A îndruma Guide
33%
A avea Have
33%
A însănătoși/A tămădui Heal
33%
A auzi/A audia Hear
33%
A ajuta Help
33%
A ține (also keep) Hold
33%
A spera/A nădăjdui Hope
33%
A umili (also humble) Humiliate
33%
A vâna Hunt
33%
A imagina/A închipui Imagine
33%
A impacta Impact
33%
A improviza Improvise
33%
A include Include
33%
A spori Increase
33%
A infecta Infect
33%
A influența Influence
33%
A informa Inform
33%
A insista Insist
33%
A inspira Inspire
33%
A insulta Insult
33%
A interfera Interfere
33%
A interpreta Interpret
33%
A întrerupe Interrupt
33%
A invada Invade
33%
A investi Invest
33%
A invita Invite
33%
A judeca/A juriza Judge
33%
A sări Jump
33%
A justifica Justify
33%
A ști/A cunoaște Know
33%
A învăța Learn
33%
A pleca/A părăsi Leave
33%
A trăi/A viețui Live
33%
A pierde Lose
33%
A iubi Love
33%
A face (also do) Make
33%
A întâlni Meet
33%
A menționa Mention
33%
A monta Mount
33%
A mișca/A muta Move
33%
A naviga (also sail) Navigate
33%
A necesita/A avea nevoie Need
33%
A neglija Neglect
33%
A obține Obtain
33%
A jigni/A ofensa Offend
33%
A oferi Offer
33%
A organiza Organize
33%
A se panica Panic
33%
A paraliza (also cripple) Paralyze
33%
A pasa Pass
33%
A face o pauză Pause
33%
A penetra Penetrate
33%
A pilota Pilot
33%
A poza Pose
33%
A prefera Prefer
33%
A pregăti/A prepara Prepare
33%
A prezenta Present
33%
A presa/A apăsa Press
33%
A preveni Prevent
33%
A proceda Proceed
33%
A produce Produce
33%
A promite Promise
33%
A pronunța Pronounce
33%
A proteja/A ocroti Protect
33%
A protesta Protest
33%
A publica Publish
33%
A pompa Pump
33%
A împinge Push
33%
A pune Put
33%
A înălța Raise
33%
A reacționa React
33%
A citi Read
33%
A realiza/A-și da seama Realize
33%
A recomanda Recommend
33%
A reduce/A reducționa Reduce
33%
A reflecta Reflect
33%
A reforma Reform
33%
A relaxa Relax
33%
A rămâne Remain
33%
A repeta Repeat
33%
A reprezenta Represent
33%
A rezista Resist
33%
A respecta Respect
33%
A rezulta Result
33%
A reveni/A returna Return
33%
A merge pe Ride
33%
A risca Risk
33%
A ruina Ruin
33%
A satisface Satisfy
33%
A economisi Save
33%
A răzui/A juli Scrape
33%
A sculpta Sculpt
33%
A vedea See
33%
A selecta Select
33%
A vinde Sell
33%
A separa Separate
33%
A servi/A sluji Serve
33%
A seta Set
33%
A arăta (also look)/A da dovadă de (also prove, display, demonstrate) Show
33%
A cânta Sing
33%
A ședea Sit
33%
A patina Skate
33%
A dormi Sleep
33%
A solicita (also request, require, demand) Solicit
33%
A cheltui/A petrece Spend
33%
A începe (also begin) Start
33%
A sta (also remain, stand, sit, wait, live) Stay
33%
A opri Stop
33%
A studia Study
33%
A sugera Suggest
33%
A rezuma/A sumariza Summarize
33%
A presupune (also assume, presume) Suppose
33%
A surprinde Surprise
33%
A susține (also support) Sustain
33%
A transpira Sweat
33%
A înota Swim
33%
A teroriza Terrorize
33%
A depune mărturie/A testifica Testify
33%
A face comerț/A tranzacționa Trade
33%
A transfera Transfer
33%
A transforma Transform
33%
A traduce Translate
33%
A tremura (also shake) Tremble
33%
A vira Turn
33%
A debloca Unblock
33%
A înțelege Understand
33%
A folosi/A întrebuința Use
33%
A vota Vote
33%
A vrea Want
33%
A spăla Wash
33%
A purta (also carry) Wear
33%
A câștiga (also earn, gain) Win
33%
A scrie Write
33%
A înjosi (also humiliate, demean, degrade) Abase
0%
A atinge (also reach) Achieve
0%
A-și permite Afford
0%
A aproba Approve
0%
A ajunge (also reach, get)/A sosi Arrive
0%
A ruga/A întreba Ask
0%
A asocia Associate
0%
A atrage Attract
0%
A evita Avoid
0%
A coace Bake
0%
A îmbăia/A face baie/A scălda Bathe
0%
A deveni Become
0%
A cerși Beg
0%
A se comporta/A se purta (also wear) Behave
0%
A aparține Belong
0%
A paria (also gamble) Bet
0%
A trăda Betray
0%
A fi atent Beware
0%
A muşca Bite
0%
A sângera Bleed
0%
A clipi Blink
0%
A sufla Blow
0%
A se îmbarca Board
0%
A fierbe Boil
0%
A lua cu împrumut/A cere cu împrumut Borrow
0%
A rupe/A sparge/A frânge Break
0%
A aduce Bring
0%
A îngropa/A înmormânta Bury
0%
A chema Call
0%
A face campanie Campaign
0%
A putea (also be able) Can
0%
A anula Cancel
0%
A căra Carry
0%
A înșela Cheat
0%
A mesteca Chew
0%
A asfixia Choke
0%
A clarifica (also clarify)/A debarasa Clear
0%
A escalada (also scale, escalate) Climb
0%
A agăța (also hang, catch, hook, pick up) Cling
0%
A închide (also shut down, hang up) Close
0%
A compara Compare
0%
A confunda/A deruta/A încurca Confuse
0%
A cuceri Conquer
0%
A conta (also matter)/A număra Count
0%
A acoperi Cover
0%
A se târî Crawl
0%
A încrucișa Cross
0%
A vindeca (also heal) Cure
0%
A dezbate Debate
0%
A scădea (also lower, subtract) Decrease
0%
A apăra Defend
0%
A livra Deliver
0%
A cere Demand
0%
A nega Deny
0%
A desfășura Deploy
0%
A descrie Describe
0%
A distruge Destroy
0%
A descoperi Discover
0%
A distrage Distract
0%
A deranja/A tulbura (also unsettle) Disturb
0%
A plonja (also plunge) Dive
0%
A domina Dominate
0%
A se îndoi/A avea dubii Doubt
0%
A târî Drag
0%
A îmbrăca Dress
0%
A lăsa să cadă Drop
0%
A îneca (also choke)/A sufoca în apă/A omorî prin înec (crime) Drown
0%
A alege (also choose) Elect
0%
A îmbrățișa (also hug) Embrace
0%
A intra/A pătrunde Enter
0%
A distra/A întreține (also maintain) Entertain
0%
A ademeni (also lure) Entice
0%
A experimenta (also experiment) Experience
0%
A exprima Express
0%
A alimenta/A da de mâncare Feed
0%
A simți Feel
0%
A lupta Fight
0%
A pricepe (also grasp, understand) Figure
0%
A umple Fill
0%
A găsi Find
0%
A pâlpâi Flicker
0%
A întoarce (also turn, return) Flip
0%
A pluti Float
0%
A zbura Fly
0%
A focaliza/A se axa Focus
0%
A ierta Forgive
0%
A încrunta/A încreți fruntea Frown
0%
A îndeplini (also accomplish, carry out, meet) Fulfill
0%
A fuziona Fuse
0%
A naște/A da naștere Give birth
0%
A apuca/A înşfăca (also snatch) Grab
0%
A mâhni Grieve
0%
A găti la grătar Grill
0%
A bombăni Grumble
0%
A păzi Guard
0%
A ghici Guess
0%
A se întâmpla Happen
0%
A urî Hate
0%
A bântui Haunt
0%
A ascunde Hide
0%
A smeri Humble
0%
A implica (also implicate) Imply
0%
A impresiona Impress
0%
A îmbunătăți/A ameliora (also better) Improve
0%
A glumi Joke
0%
A păstra (also preserve) Keep
0%
A lovi cu piciorul Kick
0%
A ucide/A omorî Kill
0%
A râde Laugh
0%
A duce (also carry, take) Lead
0%
A se sprijini/A se înclina/A se rezema Lean
0%
A lăsa (also leave) Let
0%
A ridica (also pick up) Lift
0%
A plăcea Like
0%
A se pune în linie/A se alinia Line up
0%
A asculta Listen
0%
A încărca (also charge) Load
0%
A încui Lock
0%
A privi/A se uita (also watch) Look
0%
A menține (also keep) Maintain
0%
A gestiona Manage
0%
A se căsători Marry
0%
A potrivi/A asorta Match
0%
A avea importanță Matter
0%
A oglindi Mirror
0%
A greși pronunția/A pronunța greșit Mispronounce
0%
A amesteca Mix
0%
A geamă (also groan) Moan
0%
A nominaliza Nominate
0%
A se supune Obey
0%
A deschide Open
0%
A ordona Order
0%
A supraestima Overestimate
0%
A datora Owe
0%
A poseda (also possess) Own
0%
A picta/A zugrăvi Paint
0%
A plăti/A achita Pay
0%
A decoji/A coji Peel
0%
A perfora Pierce
0%
A juca Play
0%
A se arunca Plunge
0%
A se năpusti (also swoop in)/A sări asupra cuiva (ceva) Pounce
0%
A turna Pour
0%
A slăvi (also glorify, exalt, honour) Praise
0%
A se ruga Pray
0%
A prezice Predict
0%
A se preface Pretend
0%
A proptea Prop
0%
A dovedi Prove
0%
A furniza Provide
0%
A trage (also shoot) Pull
0%
A pedepsi Punish
0%
A achiziționa Purchase
0%
A epura/A purga Purge
0%
A se califica Qualify
0%
A renunța (also renounce, give up, let go) Quit
0%
A ajunge la (also get to) Reach
0%
A primi (also get) Receive
0%
A socoti (also count, deem, calculate, consider, regard, think) Reckon
0%
A recunoaște Recognize
0%
A consemna (also chart) Record
0%
A recupera Recover
0%
A răscumpăra Redeem
0%
A reumple/A umple din nou Refill
0%
A respinge Reject
0%
A elibera (also free, liberate) Release
0%
A se îndupleca Relent
0%
A-și aminti Remember
0%
A îndepărta Remove
0%
A demisiona (also quit) Resign
0%
A rezolva (also solve) Resolve
0%
A reîncerca/A încerca din nou/A rejudece/A rejudeca (law) Retry
0%
A dezvălui/A deconspira (also expose) Reveal
0%
A recenza Review
0%
A clăti Rinse
0%
A frige Roast
0%
A fugi Run away
0%
A năvăli/A se grăbi (also hasten) Rush
0%
A savura Savour
0%
A spune (also tell) Say
0%
A speria Scare
0%
A scărpina/A zgâria Scratch
0%
A țipa (also yell) Scream
0%
A căuta (also look for, seek) Search
0%
A părea Seem
0%
A trimite/A expedia (also ship) Send
0%
A așeza (also arrange, sit, place) Settle
0%
A împărtăși Share
0%
A împușca Shoot
0%
A mărunți Shred
0%
A semnaliza/A semnala/A face semn Signal
0%
A reduce la tăcere Silence
0%
A lua loc (also take a seat) Sit down
0%
A omite Skip
0%
A luneca (also slip) Slide
0%
A mirosi Smell
0%
A zâmbi/A surâde Smile
0%
A fuma/A afuma Smoke
0%
A răspândi/A difuza (tech) Spread
0%
A sta în picioare Stand
0%
A se ridica (also rise, get up) Stand up
0%
A se uita fix/A se holba/A privi insistent Stare
0%
A înfometa/A muri de foame/A flămânzi Starve
0%
A fura Steal
0%
A aburi/A găti la abur/A fierbe la abur/A scoate aburi Steam
0%
A păși Step
0%
A tropăi/A bate din picioare Stomp
0%
A strădui Strive
0%
A supraviețui Survive
0%
A jura/A înjura Swear
0%
A scoate (also remove, pull off) Take out
0%
A preda Teach
0%
A trimite un mesaj/A da un mesaj Text
0%
A gândi Think
0%
A arunca/A azvârli Throw
0%
A obosi Tire
0%
A rumeni (also brown)/A închina Toast
0%
A chinui Torment
0%
A pipăi (also feel) Touch
0%
A antrena Train
0%
A călători Travel
0%
A trata/A ospăta (also feast) Treat
0%
A avea încredere Trust
0%
A subestima Underestimate
0%
A desface Undo
0%
A actualiza (also upgrade) Update
0%
A supăra (also annoy) Upset
0%
A aștepta (also await, expect) Wait
0%
A deștepta (also awake(n)/A trezi (also wake) Wake up
0%
A avertiza Warn
0%
A irosi Waste
0%
A urmări Watch
0%
A face cu mâna Wave
0%
A șopti Whisper
0%
A lărgi (also broaden, expand) Widen
0%
A fi martor Witness
0%
A lucra/A munci Work
0%
A se închina Worship
0%
No matching quizzes found
Score Distribution
Percent of People with Each Score
Percentile by Number Answered
Your Score History
You have not taken this quiz since the last reset